| 000 | 00863nam a2200217 a 4500 | ||
|---|---|---|---|
| 001 | 000493669 | ||
| 003 | AM-YeHGA | ||
| 005 | 20250618072633.0 | ||
| 008 | 060622s1925 ai | |||||||||||||arm|d | ||
| 040 | _aAM-YeHGA | ||
| 041 | 0 | _aarm | |
| 100 | 1 |
_aՉիլինկիրեան, Եղիշէ, _cեպիսկոպոս, _d1863-1929 _95012 |
|
| 245 | 1 | 0 |
_aՅիշատակներ Բաղէշի առաջնորդութենէս : _bՍաղիմական, ուղեգրական, տեղագրական եւ նամակներ / _cԵ. Եպս. Չիլինկիրեան. |
| 250 | _aԲ. տպագրութիւն | ||
| 260 |
_aԵրուսաղէմ : _bԱ. հ., _c1925. |
||
| 300 |
_a134 էջ ; _c19 սմ. |
||
| 500 | _aԱղբիւր-Սերոբի անմահ եւ անմոռաց յիշատակին | ||
| 650 | 1 | 4 |
_aՀայ եկեղեցու գործիչներ _94735 |
| 942 |
_2udc _cBK |
||
| 090 | _c183479 | ||
| 999 |
_c182027 _d182027 |
||